| 000 | 00460nam a2200157Ia 4500 | ||
|---|---|---|---|
| 005 | 20240919173906.0 | ||
| 008 | 170106s2007||||xx |||||||||||||| ||und|| | ||
| 020 | _a9780471447092 | ||
| 082 |
_a621.38152 _bEAS |
||
| 100 | _aEason, Robert | ||
| 245 | 0 | _aPulsed Laser Deposition of thin Films : Applications-led growth of functional Materials | |
| 260 |
_aNew Jersey _bWiley and Sons _c2007 |
||
| 300 | _axxiii, 682 p.; 26 cm | ||
| 650 | _aPhysics | ||
| 942 | _cBK | ||
| 999 |
_c3841 _d3841 |
||